000 00258nam a22001097a 4500
008 140217t xxu||||| |||| 00| 0 eng d
020 _a978-0-8153-4243-4
100 _aKenneth Murphy
_9727
245 _aJaneway's Immunobiology
300 _a868
942 _2ddc
_cBK
999 _c16985
_d16985